000 00814nam a2200217 a 4500
003 0
005 20250322084444.0
008 060801s19uu xx 00 eng d
050 _aPGS JV 8490.N87
_b.H348 2006
100 _aHashino, Jenalyn R.
245 _aPerception of nurses on the nursing exodus /
_cJenalyn R. Hashino.
260 _aLas PiƱas City, Philippines :
_bSouthville International School and Colleges,
_c2006.
300 _a24 pages :
_billustrations ;
_c28 cm.
504 _aIncludes bibliographical references.
650 _aNurses
_zPhilippines
_vMigration.
650 _aNursing
_zPhilippines
_vLabor supply.
650 _aBrain drain
_zPhilippines.
650 _aHealth manpower
_zPhilippines.
650 _aEmigration and immigration
_vEconomic aspects
_zPhilippines.
942 _2lcc
_cPASS
999 _c97491
_d97491